Statistiche per Comuni del Lazio (con mappa)

Clicka qui per fare il quiz!

Statistiche generali

  • Questo quiz è stato fatto 1.474 volte
  • Il punteggio medio è 64 su 378

Risposte nella Mappa

Le risposte nella mappa del quiz sottostante sono codificate secondo una scala di colori dal rosso al verde in base alla % di persone che hanno risposto correttamente.
 

Statistiche sulle risposte

Comune% Corretto
Roma
92%
Latina
88%
Viterbo
88%
Frosinone
87%
Rieti
85%
Fiumicino
73%
Civitavecchia
67%
Gaeta
66%
Anzio
61%
Aprilia
57%
Formia
57%
Tivoli
56%
Amatrice
54%
Cassino
54%
Sabaudia
53%
Ciampino
52%
Terracina
52%
Nettuno
51%
Tarquinia
51%
Ladispoli
50%
Sora
50%
Frascati
49%
Pomezia
49%
Ponza
49%
Bracciano
46%
Bolsena
45%
Cerveteri
43%
Guidonia Montecelio
43%
San Felice Circeo
43%
Velletri
43%
Anagni
42%
Cisterna di Latina
42%
Sperlonga
42%
Colleferro
41%
Fiuggi
39%
Albano Laziale
38%
Ariccia
38%
Minturno
38%
Orte
38%
Valmontone
38%
Ventotene
37%
Castel Gandolfo
36%
Fondi
36%
Santa Marinella
36%
Fiano Romano
35%
Marino
34%
Alatri
33%
Ardea
33%
Monterotondo
33%
Nemi
32%
Accumoli
31%
Ferentino
31%
Montalto di Castro
31%
Sezze
31%
Subiaco
30%
Ceccano
29%
Itri
29%
Ceprano
28%
Isola del Liri
28%
Palestrina
28%
Sutri
28%
Rocca di Papa
27%
Cori
26%
Grottaferrata
26%
Montefiascone
26%
Tuscania
26%
Bagnoregio
25%
Formello
25%
Nepi
25%
Pontecorvo
25%
Pontinia
25%
Priverno
25%
Acquapendente
24%
Anguillara Sabazia
24%
Civita Castellana
24%
Zagarolo
24%
Arce
23%
Bomarzo
23%
Leonessa
23%
Mentana
23%
Genzano di Roma
22%
Vetralla
22%
Aquino
21%
Monte Porzio Catone
21%
Monte San Biagio
21%
Roccasecca
21%
San Vittore del Lazio
21%
Arpino
20%
Atina
20%
Lanuvio
20%
Monte Compatri
20%
Artena
19%
Ausonia
19%
Capranica
19%
Ronciglione
19%
San Cesareo
19%
Vicovaro
19%
Fara in Sabina
18%
Lenola
18%
Monterosi
18%
Rocca Priora
18%
Sermoneta
18%
Tolfa
18%
Antrodoco
17%
Castelforte
17%
Cittaducale
17%
Magliano Sabina
17%
Mandela
17%
Montelibretti
17%
Norma
17%
Paliano
17%
Segni
17%
Sonnino
17%
Trevignano Romano
17%
Veroli
17%
Arsoli
16%
Campagnano di Roma
16%
Capena
16%
Castrocielo
16%
Greccio
16%
Lariano
16%
Marta
16%
Olevano Romano
16%
Palombara Sabina
16%
Poggio Mirteto
16%
Posta
16%
Roccagorga
16%
Sacrofano
16%
Bassano Romano
15%
Carpineto Romano
15%
Castel Madama
15%
Castro dei Volsci
15%
Maenza
15%
Manziana
15%
Morlupo
15%
Pico
15%
Pofi
15%
Riano
15%
Rignano Flaminio
15%
Santi Cosma e Damiano
15%
Vitorchiano
15%
Allumiere
14%
Alvito
14%
Amaseno
14%
Broccostella
14%
Campodimele
14%
Caprarola
14%
Esperia
14%
Fonte Nuova
14%
San Giorgio a Liri
14%
Sgurgola
14%
Soriano nel Cimino
14%
Trevi nel Lazio
14%
Bassiano
13%
Blera
13%
Cave
13%
Colonna
13%
Fumone
13%
Genazzano
13%
Grotte di Castro
13%
Monte Romano
13%
Monte San Giovanni Campano
13%
Pastena
13%
Poggio Bustone
13%
Ponzano Romano
13%
Ripi
13%
Rocca Massima
13%
San Giovanni Incarico
13%
Sant'Elia Fiumerapido
13%
Sant'Oreste
13%
Spigno Saturnia
13%
Valentano
13%
Vallecorsa
13%
Acquafondata
12%
Affile
12%
Borgorose
12%
Boville Ernica
12%
Castelnuovo di Porto
12%
Coreno Ausonio
12%
Filettino
12%
Guarcino
12%
Ischia di Castro
12%
Labico
12%
Morolo
12%
Patrica
12%
Picinisco
12%
Piedimonte San Germano
12%
Poli
12%
San Donato Val di Comino
12%
Supino
12%
Vico nel Lazio
12%
Acuto
11%
Agosta
11%
Arlena di Castro
11%
Bassano in Teverina
11%
Canino
11%
Capodimonte
11%
Cervaro
11%
Corchiano
11%
Fabrica di Roma
11%
Farnese
11%
Fontana Liri
11%
Gallese
11%
Oriolo Romano
11%
Piglio
11%
Posta Fibreno
11%
Prossedi
11%
Roccasecca dei Volsci
11%
Sant'Ambrogio sul Garigliano
11%
Strangolagalli
11%
Torrice
11%
Vallepietra
11%
Villa San Giovanni in Tuscia
11%
Villa Santa Lucia
11%
Arcinazzo Romano
10%
Bellegra
10%
Canale Monterano
10%
Cervara di Roma
10%
Cittareale
10%
Colfelice
10%
Gallicano nel Lazio
10%
Giuliano di Roma
10%
Gorga
10%
Gradoli
10%
Jenne
10%
Lubriano
10%
Marcellina
10%
Nazzano
10%
Nerola
10%
Pignataro Interamna
10%
Rocca d'Arce
10%
San Polo dei Cavalieri
10%
Sant'Andrea del Garigliano
10%
Sant'Apollinare
10%
Vallerano
10%
Vignanello
10%
Villa Latina
10%
Viticuso
10%
Anticoli Corrado
9%
Arnara
9%
Belmonte Castello
9%
Calcata
9%
Campoli Appennino
9%
Canepina
9%
Capranica Prenestina
9%
Casalvieri
9%
Castelliri
9%
Castel Sant'Angelo
9%
Castel Sant'Elia
9%
Castiglione in Teverina
9%
Cellere
9%
Collepardo
9%
Colle San Magno
9%
Faleria
9%
Falvaterra
9%
Gallinaro
9%
Gerano
9%
Licenza
9%
Mazzano Romano
9%
Montelanico
9%
Onano
9%
Orvinio
9%
Percile
9%
Pescosolido
9%
Poggio Moiano
9%
Roviano
9%
Sambuci
9%
Sant'Angelo Romano
9%
Santopadre
9%
Settefrati
9%
Tessennano
9%
Vejano
9%
Villa Santo Stefano
9%
Barbarano Romano
8%
Camerata Nuova
8%
Castel di Tora
8%
Castelnuovo Parano
8%
Castel San Pietro Romano
8%
Celleno
8%
Ciciliano
8%
Contigliano
8%
Fiamignano
8%
Forano
8%
Latera
8%
Magliano Romano
8%
Piansano
8%
Pisoniano
8%
Proceno
8%
Riofreddo
8%
Rocca Sinibalda
8%
San Biagio Saracinisco
8%
San Lorenzo Nuovo
8%
Saracinesco
8%
Serrone
8%
Terelle
8%
Torre Cajetani
8%
Torrita Tiberina
8%
Vallemaio
8%
Vallerotonda
8%
Ascrea
7%
Borbona
7%
Cantalice
7%
Carbognano
7%
Casalattico
7%
Casape
7%
Casperia
7%
Cerreto Laziale
7%
Civitella San Paolo
7%
Fontechiari
7%
Gavignano
7%
Labro
7%
Marano Equo
7%
Monteflavio
7%
Monteleone Sabino
7%
Moricone
7%
Poggio Catino
7%
Rocca di Cave
7%
Rocca Santo Stefano
7%
Roiate
7%
San Gregorio da Sassola
7%
San Vito Romano
7%
Stimigliano
7%
Trivigliano
7%
Vallinfreda
7%
Vasanello
7%
Vicalvi
7%
Borgo Velino
6%
Canterano
6%
Castelnuovo di Farfa
6%
Cineto Romano
6%
Civitella d'Agliano
6%
Colle di Tora
6%
Collegiove
6%
Colli sul Velino
6%
Filacciano
6%
Frasso Sabino
6%
Graffignano
6%
Montorio Romano
6%
Pescorocchiano
6%
Petrella Salto
6%
Poggio Nativo
6%
Poggio San Lorenzo
6%
Rivodutri
6%
Rocca Canterano
6%
Scandriglia
6%
Turania
6%
Vivaro Romano
6%
Belmonte in Sabina
5%
Cantalupo in Sabina
5%
Casaprota
5%
Collalto Sabino
5%
Collevecchio
5%
Concerviano
5%
Micigliano
5%
Montebuono
5%
Monte San Giovanni in Sabina
5%
Montopoli di Sabina
5%
Nespolo
5%
Roccagiovine
5%
Toffia
5%
Torricella in Sabina
5%
Vacone
5%
Varco Sabino
5%
Configni
4%
Cottanello
4%
Marcetelli
4%
Mompeo
4%
Montasola
4%
Morro Reatino
4%
Pozzaglia Sabina
4%
Roccantica
4%
Selci
4%
Tarano
4%
Torri in Sabina
4%
Longone Sabino
3%
Montenero Sabino
3%
Paganico Sabino
3%
Salisano
3%

Distribuzione punteggi

Percentile per numero di risposta

Percentuale di utenti per punteggio

I tuoi punteggi nel tempo

Non hai fatto questo quiz